[Event "LSS RC-2009-0-00029"]
[Site "LSS email"]
[Date "2009.07.18"]
[Round "?"]
[White "Traczewski, Wojciech"]
[Black "Ling, Anthony J"]
[Result "1-0"]
[WhiteElo "1674"]
[BlackElo "1690"]
[PlyCount "45"]
[EventDate "2009.05.05"]
[EventType "tourn (corr)"]
[EventRounds "6"]
[EventCountry "GER"]
[SourceTitle "Corr 2011"]
[Source "ChessBase"]
[SourceDate "2010.08.31"]
[SourceVersion "1"]
[SourceVersionDate "2010.08.31"]
[SourceQuality "1"]

1. d4 Nf6 2. Nf3 d5 3. c4 e6 4. Nc3 Be7 5. Bf4 dxc4 6. e4 Bb4 7. Bg5 h6 8. Bxf6 Qxf6 9. Bxc4 0-0 10. 0-0 Rd8 11. e5 Qe7 12. Qe2 Bd7 13. Qe4 Bc6 14. d5 exd5 15. Nxd5 Bxd5 16. Bxd5 c6 17. Bc4 Nd7 18. Rad1 Nf8 19. a3 a5 20. axb4 Qxb4 21. Rfe1 Rxd1 22. Rxd1 Re8 23. h3 1-0

[Event "LSS RC-2009-0-00025"]
[Site "LSS email"]
[Date "2009.05.06"]
[Round "?"]
[White "Moman, Aaron"]
[Black "Ling, Anthony J"]
[Result "1-0"]
[WhiteElo "1827"]
[BlackElo "1690"]
[PlyCount "141"]
[EventDate "2009.02.22"]
[EventType "tourn (corr)"]
[EventRounds "6"]
[EventCountry "GER"]
[SourceTitle "Corr 2011"]
[Source "ChessBase"]
[SourceDate "2010.08.31"]
[SourceVersion "1"]
[SourceVersionDate "2010.08.31"]
[SourceQuality "1"]

1. d4 Nf6 2. c4 e6 3. Nc3 Bb4 4. a3 Bxc3+ 5. bxc3 0-0 6. Qc2 Re8 7. e4 e5 8. d5 Na6 9. Ne2 b6 10. Ng3 h6 11. Be2 Nc5 12. Be3 d6 13. 0-0 Bd7 14. f3 c6 15. Bxc5 bxc5 16. dxc6 Bxc6 17. Nf5 Re6 18. Rfd1 Rb8 19. Rab1 Rxb1 20. Rxb1 Kh7 21. Qd2 Nh5 22. g3 Nf6 23. Bf1 Ne8 24. Bh3 Qa5 25. Rb2 a6 26. Bg4 Qa4 27. Rb6 h5 28. Bxh5 g6 29. Qh6+ Kg8 30. Bxg6 fxg6 31. Rb8 Qd1+ 32. Kg2 gxf5 33. Qxe6+ Kg7 34. Qe7+ Kg6 35. exf5+ Kxf5 36. Qf7+ Kg5 37. Rb2 Kh6 38. h4 Ng7 39. g4 e4 40. Qf6+ Kh7 41. h5 exf3+ 42. Kf2 Qd3 43. Qg6+ Qxg6 44. hxg6+ Kxg6 45. Rb6 Be4 46. Ke3 f2 47. Rxd6+ Kg5 48. Kxf2 Kxg4 49. Rxa6 Kf5 50. a4 Bd3 51. Rc6 Ne6 52. a5 Bxc4 53. a6 Bd5 54. Rd6 Ke5 55. Rd7 c4 56. a7 Bc6 57. Ke1 Ba8 58. Kd2 Bf3 59. Kc2 Bg2 60. Kb2 Nc5 61. Rg7 Bf3 62. Ka3 Kd6 63. Rg8 Nd3 64. a8Q Bxa8 65. Rxa8 Kc5 66. Ka4 Kb6 67. Rf8 Kc6 68. Ka5 Nb2 69. Rb8 Nd1 70. Rc8+ Kb7 71. Rxc4 1-0

[Event "LSS RC-2009-0-00024"]
[Site "LSS email"]
[Date "2009.04.26"]
[Round "?"]
[White "Henke, Simon"]
[Black "Ling, Anthony J"]
[Result "1-0"]
[WhiteElo "1701"]
[BlackElo "1693"]
[PlyCount "103"]
[EventDate "2009.02.09"]
[EventType "tourn (corr)"]
[EventRounds "6"]
[EventCountry "GER"]
[SourceTitle "Corr 2011"]
[Source "ChessBase"]
[SourceDate "2010.08.31"]
[SourceVersion "1"]
[SourceVersionDate "2010.08.31"]
[SourceQuality "1"]

1. e4 c6 2. c4 e5 3. Nf3 Nf6 4. Nc3 Qa5 5. Be2 Bb4 6. Qc2 Na6 7. 0-0 d6 8. Na4 b5 9. cxb5 cxb5 10. Qc6+ Kd8 11. Qxa8 Nc7 12. Qc6 Qxa4 13. b3 Qa6 14. Qxa6 Bxa6 15. a3 Bc5 16. b4 Bb6 17. a4 Nxe4 18. a5 Bxf2+ 19. Rxf2 Nxf2 20. Kxf2 Nd5 21. d4 e4 22. Ng5 Re8 23. Nxf7+ Kc7 24. Kg3 Re7 25. Ng5 h6 26. Nh3 Kd8 27. Bd2 e3 28. Be1 g5 29. Rc1 Nf6 30. Ng1 Ne4+ 31. Kg4 Nf6+ 32. Kf5 Ne8 33. Nf3 Bb7 34. Bd3 a6 35. h4 Rf7+ 36. Kg6 Rf6+ 37. Kh7 g4 38. Nh2 h5 39. Nf1 e2 40. Ng3 Bxg2 41. Nxh5 Re6 42. Bf5 Be4 43. Bxe4 Rxe4 44. Ng3 Rxd4 45. Rc2 Kd7 46. Rxe2 Nc7 47. h5 Rc4 48. h6 d5 49. Kg8 Ne6 50. h7 Rc8+ 51. Kf7 Rh8 52. Rxe6 1-0

[Event "LSS RC-2009-0-00024"]
[Site "LSS email"]
[Date "2009.04.19"]
[Round "?"]
[White "Ling, Anthony J"]
[Black "Santo, Moises"]
[Result "1/2-1/2"]
[WhiteElo "1690"]
[BlackElo "1870"]
[PlyCount "189"]
[EventDate "2009.02.09"]
[EventType "tourn (corr)"]
[EventRounds "6"]
[EventCountry "GER"]
[SourceTitle "Corr 2011"]
[Source "ChessBase"]
[SourceDate "2010.08.31"]
[SourceVersion "1"]
[SourceVersionDate "2010.08.31"]
[SourceQuality "1"]

1. d4 Nf6 2. c4 g6 3. Nf3 Bg7 4. Nc3 0-0 5. e4 d6 6. Be2 e5 7. dxe5 dxe5 8. Bg5 Nbd7 9. 0-0 h6 10. Be3 c6 11. Qc1 Ng4 12. Bd2 Kh7 13. Ng5+ hxg5 14. Bxg4 f6 15. Rd1 Qc7 16. Qc2 Nc5 17. Bxc8 Raxc8 18. Be3 Qe7 19. Rd2 f5 20. Rad1 f4 21. Bxc5 Qxc5 22. Rd7 Qxc4 23. Rxb7 Rcd8 24. Rxa7 g4 25. Rad7 Rxd7 26. Rxd7 g3 27. Qd3 gxf2+ 28. Kxf2 Qc5+ 29. Kf1 Qe3 30. b4 Qxd3+ 31. Rxd3 Ra8 32. Rd6 Bf8 33. Rxc6 Bxb4 34. Nd5 Bf8 35. Nf6+ Kh8 36. Nd7 Bg7 37. Rxg6 Rxa2 38. Rg5 Ra4 39. Nc5 Ra5 40. Ne6 Bf6 41. Rf5 Be7 42. g3 fxg3 43. hxg3 Bd6 44. Ke2 Ra3 45. g4 Kg8 46. g5 Ra6 47. Kd3 Rc6 48. Nd8 Rc7 49. g6 Rg7 50. Kc4 Rxg6 51. Nc6 Kg7 52. Kd5 Bc7 53. Nxe5 Rd6+ 54. Kc4 Re6 55. Rf7+ Kg8 56. Rxc7 Rxe5 57. Kd4 Re6 58. Kd5 Re8 59. Rd7 Rc8 60. e5 Kf8 61. Ke6 Rc6+ 62. Rd6 Rc4 63. Rd8+ Kg7 64. Rd2 Rc5 65. Rg2+ Kf8 66. Ra2 Rc6+ 67. Kd7 Rb6 68. Rf2+ Kg7 69. e6 Rb7+ 70. Kd8 Rb8+ 71. Kc7 Re8 72. Kd7 Ra8 73. Rc2 Ra7+ 74. Rc7 Ra8 75. Ke7 Ra6 76. Rd7 Ra8 77. Rd6 Kg6 78. Rd3 Ra7+ 79. Rd7 Ra8 80. Rc7 Ra6 81. Kd7 Ra8 82. Rb7 Kg7 83. Kd6+ Kf8 84. Rf7+ Kg8 85. Ke5 Ra4 86. Rf6 Ra5+ 87. Kd6 Ra6+ 88. Kd5 Ra7 89. Rf3 Ra5+ 90. Kd6 Ra6+ 91. Ke7 Ra7+ 92. Ke8 Ra8+ 93. Kd7 Ra7+ 94. Kd8 Ra8+ 95. Kc7 1/2-1/2

[Event "LSS SC-2008-0-00022"]
[Site "LSS email"]
[Date "2009.01.16"]
[Round "?"]
[White "Nielsen, Bjarne"]
[Black "Ling, Anthony J"]
[Result "1/2-1/2"]
[WhiteElo "1702"]
[BlackElo "1685"]
[PlyCount "71"]
[EventDate "2009.01.11"]
[EventType "tourn (corr)"]
[EventRounds "6"]
[EventCountry "GER"]
[SourceTitle "Corr 2011"]
[Source "ChessBase"]
[SourceDate "2010.08.31"]
[SourceVersion "1"]
[SourceVersionDate "2010.08.31"]
[SourceQuality "1"]

1. Nf3 Nf6 2. c4 e6 3. Nc3 Bb4 4. Qc2 d6 5. a3 Bxc3 6. Qxc3 e5 7. b4 0-0 8. e3 Bg4 9. Bb2 a5 10. d3 Re8 11. Be2 axb4 12. axb4 Rxa1+ 13. Bxa1 b5 14. cxb5 Nd5 15. Qc2 c5 16. bxc6 Nxb4 17. Qc4 N4xc6 18. 0-0 Qd7 19. Rd1 d5 20. Qc2 d4 21. h3 Be6 22. exd4 exd4 23. Qb2 Rd8 24. Qb6 Qd6 25. Rc1 Qd5 26. Bd1 Qd6 27. Qc5 Qf4 28. Rb1 h6 29. Be2 Rd5 30. Qb6 Kh7 31. Bb2 Rd6 32. Qc7 Na6 33. Qb7 Nab8 34. Qc7 Na6 35. Qb7 Nab8 36. Qc7 1/2-1/2

[Event "LSS SC-2008-0-00022"]
[Site "LSS email"]
[Date "2009.01.16"]
[Round "?"]
[White "Traczewski, Wojciech"]
[Black "Ling, Anthony J"]
[Result "1/2-1/2"]
[WhiteElo "1756"]
[BlackElo "1677"]
[PlyCount "111"]
[EventDate "2009.01.11"]
[EventType "tourn (corr)"]
[EventRounds "6"]
[EventCountry "GER"]
[SourceTitle "Corr 2011"]
[Source "ChessBase"]
[SourceDate "2010.08.31"]
[SourceVersion "1"]
[SourceVersionDate "2010.08.31"]
[SourceQuality "1"]

1. e4 c6 2. d4 d5 3. exd5 cxd5 4. c4 Nf6 5. Nc3 g6 6. Qb3 Bg7 7. cxd5 Nbd7 8. Nf3 0-0 9. Bc4 Nb6 10. 0-0 Bg4 11. Ne5 Bf5 12. Rd1 Rc8 13. d6 Nxc4 14. Nxc4 exd6 15. Ne3 Bd7 16. Qxb7 Qc7 17. Qxc7 Rxc7 18. Bd2 Re8 19. Rac1 Nh5 20. Ncd5 Rxc1 21. Bxc1 Re4 22. b3 Rxd4 23. Rxd4 Bxd4 24. Ba3 Kg7 25. Bxd6 Nf6 26. Bb4 Nxd5 27. Nxd5 h6 28. Bc3 Bxc3 29. Nxc3 Kf6 30. f4 Kf5 31. g3 g5 32. fxg5 hxg5 33. Kf2 Ke6 34. h4 gxh4 35. gxh4 Be8 36. Kg3 Ke5 37. h5 f5 38. h6 f4+ 39. Kf2 Kf6 40. Ne4+ Kg6 41. h7 Kg7 42. Nf6 Bc6 43. Ke2 f3+ 44. Ke3 Bb7 45. a4 Bc6 46. a5 Kh8 47. b4 Kg7 48. Ng4 Kxh7 49. Ne5 f2 50. Kxf2 Ba8 51. b5 Kg7 52. Nc4 Kf6 53. Nd6 Ke5 54. Nc8 a6 55. bxa6 Kd4 56. a7 1/2-1/2

[Event "LSS SC-2008-0-00020"]
[Site "LSS email"]
[Date "2008.12.21"]
[Round "?"]
[White "Van de Peut, Aart A"]
[Black "Ling, Anthony J"]
[Result "0-1"]
[WhiteElo "1736"]
[BlackElo "1677"]
[PlyCount "98"]
[EventDate "2008.11.30"]
[EventType "tourn (corr)"]
[EventRounds "6"]
[EventCountry "GER"]
[SourceTitle "Corr 2011"]
[Source "ChessBase"]
[SourceDate "2010.08.31"]
[SourceVersion "1"]
[SourceVersionDate "2010.08.31"]
[SourceQuality "1"]

1. e4 c6 2. d4 d5 3. Nc3 dxe4 4. Nxe4 Nd7 5. Ng5 Ngf6 6. Bd3 e5 7. Qe2 Qe7 8. Bc4 Nd5 9. Bd2 exd4 10. 0-0-0 Qxe2 11. Nxe2 h6 12. Nf3 N5b6 13. Bb3 c5 14. Rhe1 c4 15. Nexd4+ Kd8 16. Nb5 cxb3 17. Ne5 Ke7 18. Ng4+ Kd8 19. Bf4 Be7 20. axb3 Bg5 21. Bxg5+ hxg5 22. c4 Re8 23. Rxe8+ Kxe8 24. Nc7+ Ke7 25. Nxa8 Nxa8 26. Ne3 Nf6 27. Re1 Kd6 28. Rd1+ Kc5 29. Nd5 Be6 30. Nxf6 gxf6 31. f4 Nc7 32. Rf1 Kb4 33. f5 Bd7 34. g3 Ne8 35. Re1 Bc6 36. Re3 g4 37. Rd3 Ng7 38. Rd4 Bf3 39. Rd7 Nxf5 40. Rxf7 Nd4 41. Rxf6 Kxb3 42. Kd2 Kxb2 43. Kd3 Nc6 44. Ke3 a5 45. h4 a4 46. h5 a3 47. h6 a2 48. Rxf3 a1Q 49. h7 Qa3+ 0-1